Para una pastoral de la cultura

Wedi'i Gadw mewn:
Manylion Llyfryddiaeth
Awdur Corfforaethol: Consejo Pontificio de la Cultura (Awdur)
Fformat: Llyfr
Iaith:Sbaeneg
Cyhoeddwyd: Santiago San Pablo 1999
Pynciau:
Tagiau: Ychwanegu Tag
Dim Tagiau, Byddwch y cyntaf i dagio'r cofnod hwn!

MARC

LEADER 00000nam a2200000 a 4500
001 UCO1781
003 CL-VaPUC
008 000519e19990000CL |||||||||||||||||spa|d
082 0 4 |a 261.5  |b CON  |2 21 
110 2 |a Consejo Pontificio de la Cultura  |e author  |9 444289 
245 1 0 |a Para una pastoral de la cultura 
300 |a 84 p 
942 |c BK 
945 |d 20000519 00:00:00  |a rbrito 
260 |a Santiago  |b San Pablo  |c 1999 
650 0 |a Cultura  |9 269059 
650 7 |a RELIGION Y CULTURA  |2 CL-VaPUC  |9 316319 
583 |a last modification  |c 20000519 00:00:00  |k Rodrigo Vera 
999 |c 288377  |d 288375 
952 |0 0  |1 0  |4 0  |6 261_500000000000000_CON_1999  |7 0  |8 A  |9 336018  |a BIBTEO  |b BIBTEO  |d 2019-11-20  |i 3585212  |o 261.5 CON 1999  |p 3585212  |r 2025-01-17  |w 2019-11-20  |y BK  |k ICR 
952 |0 0  |1 0  |4 0  |6 261_500000000000000_CON_1999  |7 0  |8 A  |9 336019  |a BIBTEO  |b BIBTEO  |d 2019-11-20  |i 3585220  |o 261.5 CON 1999  |p 3585220  |r 2025-01-17  |w 2019-11-20  |y BK  |k ICR 
952 |0 0  |1 0  |4 0  |6 261_500000000000000_CON_1999  |7 0  |8 A  |9 336020  |a BIBTEO  |b BIBTEO  |d 2019-11-20  |i 3585239  |o 261.5 CON 1999  |p 3585239  |r 2025-01-17  |w 2019-11-20  |y BK  |k ICR 
952 |0 0  |1 0  |4 0  |6 261_500000000000000_CON_1999  |7 0  |8 A  |9 336021  |a BIBTEO  |b BIBTEO  |d 2019-11-20  |i 3585247  |o 261.5 CON 1999  |p 3585247  |r 2025-01-17  |w 2019-11-20  |y BK  |k ICR 
952 |0 0  |1 0  |4 0  |6 261_500000000000000_CON_1999  |7 0  |8 A  |9 336022  |a BIBTEO  |b BIBTEO  |d 2019-11-20  |i 3585255  |o 261.5 CON 1999  |p 3585255  |r 2025-01-17  |w 2019-11-20  |y BK  |k ICR 
952 |0 0  |1 0  |4 0  |6 261_500000000000000_CON_1999  |7 0  |8 A  |9 336023  |a BIBTEO  |b BIBTEO  |d 2019-11-20  |i 3585263  |o 261.5 CON 1999  |p 3585263  |r 2025-01-17  |w 2019-11-20  |y BK  |k ICR 
952 |0 0  |1 0  |4 0  |6 261_500000000000000_CON_1999  |7 0  |8 A  |9 336024  |a BIBTEO  |b BIBTEO  |d 2019-11-20  |i 3585271  |o 261.5 CON 1999  |p 3585271  |r 2025-01-17  |w 2019-11-20  |y BK  |k ICR 
952 |0 0  |1 0  |4 0  |6 261_500000000000000_CON_1999  |7 0  |8 A  |9 336025  |a BIBTEO  |b BIBTEO  |d 2019-11-20  |i 358528K  |o 261.5 CON 1999  |p 358528K  |r 2025-01-17  |w 2019-11-20  |y BK  |k ICR